000
00264nam a2200097Ia 4500
008
120527s9999 xx 000 0 und d
100
_a
YAJIMA, M.
245
_a
Agricultural technology research for sustainable development in develop
260
_b
Jirca
942
_c
BK
999
_c
25139
_d
25139